| 000 | 00446nam a2200121 a 4500 | ||
|---|---|---|---|
| 001 | 000046197 | ||
| 005 | 20201002052712.0 | ||
| 008 | 150703s2015 000 spa d | ||
| 040 |
_aDO-SdBNP _bspa _cBNPHU |
||
| 245 | 0 |
_aEncuesta de opinión brillante navidad :. : _bparque Iberoamérica diciembre 2014-enero 2015. |
|
| 260 |
_aSanto Domingo, República Dominicana, : _bAyuntamiento del Distrito Nacional, _c2015. |
||
| 300 |
_a70 p. : _bil. : ; _c20 cm. |
||
| 999 |
_c45686 _d45686 |
||